[Event "TURNIEJ O PUCHAR UKS PALAC MLODZIEZY KATOWICE Z OKAZJI DNIA NIEPODLEGLOSCI"]
[Site "Centrum Kongresow i Rekreacji Orle Gniazdo ul. Wrzosowa 28a, Szczyrk"]
[Date "1899-12-30"]
[Round "1.27"]
[White "Dytman, Radoslaw"]
[Black "Jendrowiak, Maciej"]
[Result "1-0"]
[WhiteTitle "I"]
[BlackTitle "III"]
[WhiteElo "1689"]
[BlackElo "1182"]

1. e4 e5 2. Nf3 Nc6 3. c3 d6 4. d4 Bg4 5. d5 Nce7 6. c4 Nf6 7. Nc3 Ng6 8. h3 Bxf3
9. Qxf3 Be7 10. Be3 O-O 11. Bd3 Qd7 12. O-O c6 13. Rac1 a6 14. Qe2 Rac8 15. Rc2
b5 16. cxb5 cxb5 17. a3 h6 18. Rfc1 Rc7 19. Qd2 Rfc8 20. Ne2 Rxc2 21. Rxc2 Rxc2
22. Qxc2 Bd8 23. f4 Qc7 24. Qd2 Qa5 25. Qc1 Qc7 26. Nc3 exf4 27. Bxf4 Nxf4 28.
Qxf4 Qe7 29. Kf2 Bb6+ 30. Kf3 Nh5 31. Qf5 g6 32. Qc8+ Kg7 33. Qxa6 Qf6+ 34. Ke2
Ng3+ 35. Kd2 Qf2+ 36. Kc1 Be3+ 37. Kb1 Qe1+ 38. Ka2 Qd2 39. Qxb5 Bc5 40. a4 Qf4
41. a5 Qf6 42. a6 Qd8 43. b4 Be3 44. Qa5 Qb8 45. b5 Bb6 46. Qb4 Bc5 47. Qb2 Bd4
48. Qb4 Bc5 49. Qc4 Qb6 50. Qa4 Qa7 51. Ne2 Nxe2 52. Bxe2 Qb6 53. Kb3 Qa7 54.
Bc4 Qb8 55. Qa5 Bb6 56. Qc3+ Kg8 57. Qg3 Qc7 58. Qg4 h5 59. Qg5 Qd8 60. Qxd8+
Bxd8 61. a7 Kg7 62. a8=Q Be7 63. Qb7 Bf6 64. Qd7 Bg5 65. Qxd6 Bf6 66. e5 Bg5 67.
e6 f6 68. Qe7+ Kh6 69. Qf8+ Kh7 70. Qf7+ Kh8 71. e7 f5 72. e8=R# 1-0

[Event "TURNIEJ O PUCHAR UKS PALAC MLODZIEZY KATOWICE Z OKAZJI DNIA NIEPODLEGLOSCI"]
[Site "Centrum Kongresow i Rekreacji Orle Gniazdo ul. Wrzosowa 28a, Szczyrk"]
[Date "1899-12-30"]
[Round "1.28"]
[White "Zyhalko, Konrad"]
[Black "Tylenda, Krzysztof"]
[Result "0-1"]
[WhiteTitle "III"]
[BlackTitle "I"]
[WhiteElo "1173"]
[BlackElo "1688"]

1. b4 e5 2. a3 d6 3. Bb2 Be6 4. d3 Nd7 5. Nd2 Nb6 6. e4 Nf6 7. Ngf3 Be7 8. Be2
O-O 9. O-O h6 10. d4 exd4 11. Nxd4 Bd7 12. N4f3 Bc6 13. e5 dxe5 14. Nxe5 Bd6 15.
Nxc6 bxc6 16. Bf3 Qd7 17. c4 Bf4 18. c5 Nbd5 19. Bxf6 Nxf6 20. Ne4 Nd5 21. Qd4
Rae8 22. Nc3 Be5 23. Qd3 Bxc3 24. Bxd5 Bxa1 25. Bxf7+ Qxf7 26. Rxa1 Qxf2+ 27.
Kh1 Re1+ 28. Rxe1 Qxe1+ 29. Qf1 Rxf1# 0-1

[Event "TURNIEJ O PUCHAR UKS PALAC MLODZIEZY KATOWICE Z OKAZJI DNIA NIEPODLEGLOSCI"]
[Site "Centrum Kongresow i Rekreacji Orle Gniazdo ul. Wrzosowa 28a, Szczyrk"]
[Date "1899-12-30"]
[Round "1.29"]
[White "Dixa, Stanislaw"]
[Black "Musin, Oliwia"]
[Result "1-0"]
[WhiteTitle "I"]
[BlackTitle "II"]
[WhiteElo "1667"]
[BlackElo "1171"]

1. e4 e5 2. f4 d5 3. fxe5 Qh4+ 4. Ke2 Qxe4+ 5. Kf2 Qd4+ 6. Ke1 Qh4+ 7. Ke2 Qe4+
8. Kf2 Bc5+ 9. Kg3 Qxe5+ 10. Kf3 Qe4+ 11. Kg3 Nf6 12. Be2 Qe5+ 13. Kh4 g5# 14.
Bf1 1-0

[Event "TURNIEJ O PUCHAR UKS PALAC MLODZIEZY KATOWICE Z OKAZJI DNIA NIEPODLEGLOSCI"]
[Site "Centrum Kongresow i Rekreacji Orle Gniazdo ul. Wrzosowa 28a, Szczyrk"]
[Date "1899-12-30"]
[Round "1.30"]
[White "Jaworski, Tymon"]
[Black "Trybowska, Barbara"]
[Result "0-1"]
[WhiteTitle "II"]
[BlackTitle "I"]
[WhiteElo "1169"]
[BlackElo "1665"]

1. e4 e5 2. Nf3 Nc6 3. Bb5 d6 4. h3 Nf6 5. Nc3 Bd7 6. O-O a6 7. Ba4 Be7 8. Re1
O-O 9. d3 Re8 10. Bb3 Bf8 11. Ng5 Re7 12. Nf3 h6 13. Be3 Be6 14. Nd5 Bxd5 15.
exd5 Na5 16. c4 Nxb3 17. Qxb3 b6 18. Qc2 a5 19. Qa4 Qd7 20. Qc2 Rb8 21. Rac1 Ree8
22. Nd2 Be7 23. Ne4 Nxe4 24. dxe4 Bf6 25. b3 Rb7 26. Qd2 Qd8 27. Rc3 Qd7 28. Bxh6
g6 29. Bg5 Qe7 30. Rg3 Bxg5 31. Qxg5 Qxg5 32. Rxg5 Kg7 33. Re3 Rbb8 34. Reg3 Rbc8
35. h4 Rh8 36. h5 Rh6 37. hxg6 Rxg6 38. Rxg6+ fxg6 39. Kf1 Rh8 40. Kg1 Rh6 41.
Rg4 Kf7 42. f4 exf4 43. Rxf4+ Ke7 44. Kf2 Rh7 45. Kg3 Rf7 46. Rxf7+ Kxf7 47. Kg4
Kf6 48. Kf4 g5+ 49. Ke3 Ke5 50. g4 Kf6 51. Kd4 0-1

[Event "TURNIEJ O PUCHAR UKS PALAC MLODZIEZY KATOWICE Z OKAZJI DNIA NIEPODLEGLOSCI"]
[Site "Centrum Kongresow i Rekreacji Orle Gniazdo ul. Wrzosowa 28a, Szczyrk"]
[Date "1899-12-30"]
[Round "2.1"]
[White "Jarzebowski, Kacper"]
[Black "Warakomski, Tomasz"]
[Result "0-1"]
[WhiteTitle "I+"]
[BlackTitle "IM"]
[WhiteElo "1561"]
[BlackElo "2485"]

1. d4 d5 2. Nf3 Bf5 3. c4 e6 4. g3 c6 5. Bg2 Nf6 6. O-O Nbd7 7. Nc3 h6 8. cxd5
exd5 9. Ne1 Bd6 10. f3 c5 11. Be3 O-O 12. Bf2 cxd4 13. Bxd4 Bc5 14. Bxc5 Nxc5
15. b4 Ne6 16. e4 Qb6+ 17. Kh1 dxe4 18. fxe4 Bg4 19. Qb3 Nd4 20. Qb2 Be6 21. Na4
Qb5 22. Qxd4 Qxa4 23. Rxf6 Rfd8 24. Qf2 gxf6 25. Qxf6 Rd1 26. Rxd1 Qxd1 27. Qf2
Rc8 28. Bf1 Rc1 29. Qxa7 Qxe1 30. Qb8+ Kh7 0-1

[Event "TURNIEJ O PUCHAR UKS PALAC MLODZIEZY KATOWICE Z OKAZJI DNIA NIEPODLEGLOSCI"]
[Site "Centrum Kongresow i Rekreacji Orle Gniazdo ul. Wrzosowa 28a, Szczyrk"]
[Date "1899-12-30"]
[Round "2.2"]
[White "Kowalczyk, Rafal"]
[Black "Jurkiewicz, Zuzanna"]
[Result "1-0"]
[WhiteTitle "k+"]
[BlackTitle "I+"]
[WhiteElo "2271"]
[BlackElo "1551"]

1. c4 Nf6 2. g3 g6 3. Bg2 Bg7 4. d4 c5 5. Nf3 O-O 6. O-O d6 7. Nc3 a6 8. h3 Nbd7
9. a3 Rb8 10. b4 cxb4 11. axb4 b6 12. Bb2 Qc7 13. Qb3 e6 14. Rfc1 Qd8 15. e4 Qe7
16. b5 a5 17. e5 dxe5 18. Ba3 Qd8 19. dxe5 Ne8 20. Rd1 Qc7 21. Bxf8 Kxf8 22. Qa3+
Kg8 23. Qe7 Bb7 24. Rxd7 Qxc4 25. Qxf7+ Kh8 26. Rxb7 Rxb7 27. Qxe8+ 1-0

[Event "TURNIEJ O PUCHAR UKS PALAC MLODZIEZY KATOWICE Z OKAZJI DNIA NIEPODLEGLOSCI"]
[Site "Centrum Kongresow i Rekreacji Orle Gniazdo ul. Wrzosowa 28a, Szczyrk"]
[Date "1899-12-30"]
[Round "2.5"]
[White "Socha, Krzysztof"]
[Black "Szymczak, Zbigniew"]
[Result "0-1"]
[WhiteTitle "II+"]
[BlackTitle "IM"]
[WhiteElo "1468"]
[BlackElo "2190"]

1. e4 c5 2. Nf3 e6 3. Nc3 a6 4. d4 cxd4 5. Nxd4 b5 6. a3 Bb7 7. Bd3 d6 8. O-O Nf6
9. Bg5 Be7 10. Re1 Nbd7 11. Nf3 Rc8 12. e5 Bxf3 13. Qxf3 Nxe5 14. Qb7 Ra8 15.
Rad1 Qc8 16. Qxc8+ Rxc8 17. f4 Nxd3 18. Rxd3 O-O 19. Bxf6 Bxf6 20. Rxd6 Bxc3 21.
bxc3 Rxc3 22. Rxa6 Rxc2 23. Rb1 g6 24. Rxb5 Rd8 25. h3 Rdd2 26. Ra8+ Kg7 27. Rbb8
Rxg2+ 28. Kf1 Rh2 29. Rg8+ Kf6 30. Ra7 Rh1# 0-1

[Event "TURNIEJ O PUCHAR UKS PALAC MLODZIEZY KATOWICE Z OKAZJI DNIA NIEPODLEGLOSCI"]
[Site "Centrum Kongresow i Rekreacji Orle Gniazdo ul. Wrzosowa 28a, Szczyrk"]
[Date "1899-12-30"]
[Round "2.6"]
[White "Markiewicz, Jerzy"]
[Black "Krzysztynska, Anna"]
[Result "1-0"]
[WhiteTitle "FM"]
[BlackTitle "I"]
[WhiteElo "2175"]
[BlackElo "1487"]

1. e4 e5 2. Nf3 Nc6 3. d4 exd4 4. Nxd4 Bc5 5. Nb3 Bb6 6. Qe2 d6 7. Be3 Nf6 8. Nc3
Be6 9. O-O-O Qd7 10. Bxb6 axb6 11. Kb1 O-O 12. f3 Na5 13. g4 c5 14. g5 Nh5 15.
Qe3 Nc4 16. Bxc4 Bxc4 17. f4 Qg4 18. f5 Rfe8 19. Rhe1 Nf4 20. Rg1 Qh4 21. Qf3
b5 22. Rg4 Qxh2 23. Qxf4 Qh3 24. Qg3 Qxg3 25. Rxg3 b4 26. Nd5 Rxe4 27. Nb6 Rae8
28. Nxc4 Rxc4 29. f6 g6 30. Rxd6 Re1+ 31. Nc1 Re8 32. Re3 Rf8 33. Re5 h5 34. gxh6
Kh7 35. b3 Rf4 36. Rxc5 Kxh6 37. Nd3 Rf1+ 38. Kb2 g5 39. Rdd5 Rg8 40. Ne5 Kh7
41. Nxf7 Rf8 42. Nxg5+ Kg6 43. f7 Rf6 44. Ne4 R6xf7 45. Rh5 Rf5 46. Rcxf5 Rxf5
47. Rxf5 Kxf5 48. Nd6+ b6 49. Nc4 b5 50. Nd6+ Ke5 51. Nxb5 Kd5 52. a3 bxa3+ 53.
Kxa3 Kc5 54. Ka4 Kb6 55. Kb4 Kc6 56. c4 Kb6 57. c5+ Kc6 58. Kc4 Kd7 59. Kd5 Kc8
60. c6 Kd8 61. Kc5 Kc8 62. Kb6 Kb8 63. Nd6 Ka8 64. b4 Kb8 65. c7+ 1-0

[Event "TURNIEJ O PUCHAR UKS PALAC MLODZIEZY KATOWICE Z OKAZJI DNIA NIEPODLEGLOSCI"]
[Site "Centrum Kongresow i Rekreacji Orle Gniazdo ul. Wrzosowa 28a, Szczyrk"]
[Date "1899-12-30"]
[Round "2.7"]
[White "Kupiecki, Szymon"]
[Black "Urbanski, Grzegorz"]
[Result "0-1"]
[WhiteTitle "II"]
[BlackTitle "k"]
[WhiteElo "1458"]
[BlackElo "2164"]

1. e4 e6 2. e5 d5 3. exd6 Bxd6 4. d4 Nf6 5. c3 c5 6. dxc5 Bxc5 7. Qxd8+ Kxd8 8.
Bg5 Ke7 9. Nd2 h6 10. Bxf6+ gxf6 11. Ne4 Bb6 12. Bc4 Rg8 13. g3 Bd7 14. Be2 Nc6
15. O-O-O f5 16. Nf6 Kxf6 17. Rxd7 Bxf2 18. Rxb7 Ne5 19. Nf3 Ng4 20. Rf1 Be3+
21. Kc2 Bb6 22. Kb1 Rad8 23. Rd1 Rxd1+ 24. Bxd1 e5 25. Bb3 Rg7 26. h3 Nf2 27.
h4 e4 28. Nd4 e3 29. Kc2 Ke5 30. Rd7 Ne4 31. Nf3+ Kf6 32. Nd4 Nc5 33. Bc4 Nxd7
34. Nf3 Rxg3 0-1

[Event "TURNIEJ O PUCHAR UKS PALAC MLODZIEZY KATOWICE Z OKAZJI DNIA NIEPODLEGLOSCI"]
[Site "Centrum Kongresow i Rekreacji Orle Gniazdo ul. Wrzosowa 28a, Szczyrk"]
[Date "1899-12-30"]
[Round "2.8"]
[White "Turlej, Lukasz"]
[Black "Ossolinska, Matylda"]
[Result "1-0"]
[WhiteTitle "k"]
[BlackTitle "I"]
[WhiteElo "2090"]
[BlackElo "1460"]

1. d4 d5 2. c4 c6 3. e3 Nf6 4. Nc3 e6 5. Nf3 Nbd7 6. Qc2 Be7 7. Bd3 dxc4 8. Bxc4
b5 9. Bd3 a6 10. e4 c5 11. d5 exd5 12. e5 Ne4 13. Nxe4 dxe4 14. Bxe4 Rb8 15. Bf4
Qa5+ 16. Bd2 Qb6 17. O-O h6 18. Bf4 Bb7 19. e6 fxe6 20. Bxb8 Nxb8 21. Bxb7 Qxb7
22. Rfe1 Qb6 23. Qg6+ Kf8 24. Rxe6 Qd8 25. Rae1 Nc6 26. Rxc6 1-0

[Event "TURNIEJ O PUCHAR UKS PALAC MLODZIEZY KATOWICE Z OKAZJI DNIA NIEPODLEGLOSCI"]
[Site "Centrum Kongresow i Rekreacji Orle Gniazdo ul. Wrzosowa 28a, Szczyrk"]
[Date "1899-12-30"]
[Round "2.9"]
[White "Skowron, Mateusz"]
[Black "Prohorov, Olexandr"]
[Result "0-1"]
[WhiteTitle "I"]
[BlackTitle "k"]
[WhiteElo "1448"]
[BlackElo "2074"]

1. e4 c5 2. Nc3 a6 3. a4 g6 4. Bc4 Bg7 5. f4 d6 6. Nf3 Nf6 7. O-O O-O 8. d3 Nc6
9. Qe1 Nd4 10. Qf2 Ng4 11. Qd2 Rb8 12. Ne2 b5 13. Nexd4 cxd4 14. Bb3 Qc7 15. h3
Nf6 16. Qf2 e5 17. Nh4 exf4 18. Bxf4 Nd7 19. Qg3 Ne5 20. Nf3 Kh8 21. Bxe5 dxe5
22. Ng5 f6 23. Nf7+ Rxf7 24. Bxf7 Qxf7 25. Qxe5 Rb7 26. Qxd4 Rd7 27. Qc3 Bb7 28.
axb5 axb5 29. Ra7 f5 30. Qb4 Bd4+ 31. Kh1 Bxa7 32. Qxb5 Bd4 33. exf5 Qd5 34. Qxd5
Bxd5 35. c3 Be5 36. fxg6 hxg6 37. d4 Bc7 38. Re1 Rf7 39. Kg1 Bg3 40. Re8+ Kg7
41. Re3 Bf2+ 42. Kh2 Bxe3 43. Kg3 Bf4+ 44. Kg4 Bxg2 45. h4 Kh6 46. c4 Bf1 47.
d5 0-1

[Event "TURNIEJ O PUCHAR UKS PALAC MLODZIEZY KATOWICE Z OKAZJI DNIA NIEPODLEGLOSCI"]
[Site "Centrum Kongresow i Rekreacji Orle Gniazdo ul. Wrzosowa 28a, Szczyrk"]
[Date "1899-12-30"]
[Round "2.10"]
[White "Rozycki, Bartlomiej"]
[Black "Jakubowska, Urszula"]
[Result "1-0"]
[WhiteTitle "k++"]
[BlackTitle "I"]
[WhiteElo "2061"]
[BlackElo "1450"]

1. Nf3 d6 2. e4 e5 3. d4 Bg4 4. Bc4 exd4 5. Qxd4 Bxf3 6. gxf3 Qf6 7. Qd3 a6 8.
Nc3 Ne7 9. Rg1 g6 10. Bg5 Qe5 11. f4 Qa5 12. Bf6 Rg8 13. Rg5 Qb6 14. Nd5 Qc6 15.
b4 b5 16. Bb3 Nd7 17. Nxe7 Nxf6 18. Nxc6 Be7 19. Nxe7 Kxe7 20. e5 Nh5 21. exd6+
cxd6 22. Qd5 Rgf8 23. Re5+ dxe5 24. Qxe5+ Kd8 25. O-O-O Re8 1-0

[Event "TURNIEJ O PUCHAR UKS PALAC MLODZIEZY KATOWICE Z OKAZJI DNIA NIEPODLEGLOSCI"]
[Site "Centrum Kongresow i Rekreacji Orle Gniazdo ul. Wrzosowa 28a, Szczyrk"]
[Date "1899-12-30"]
[Round "2.11"]
[White "Dzwierzynski, Bartosz"]
[Black "Wacior, Maciej"]
[Result "0-1"]
[WhiteTitle "II"]
[BlackTitle "I++"]
[WhiteElo "1435"]
[BlackElo "1960"]

1. d4 d5 2. c4 e6 3. cxd5 exd5 4. Nc3 Nf6 5. Bg5 Be7 6. e3 c6 7. Bd3 O-O 8. Qc2
h6 9. Bh4 Na6 10. a3 Nc7 11. Nge2 a6 12. O-O Bg4 13. f3 Bd7 14. Bf2 Re8 15. Ng3
Bd6 16. Rae1 Nb5 17. a4 Nxc3 18. bxc3 b5 19. axb5 axb5 20. e4 Bxg3 21. Bxg3 Kh8
22. e5 Ng8 23. f4 Qb6 24. Kh1 Ra3 25. Ra1 Rea8 26. Rxa3 Rxa3 27. f5 Qa5 28. Rc1
Ra2 29. Qd1 b4 30. cxb4 Qxb4 31. Qg4 Qd2 32. Rg1 Qxd3 33. Bh4 Qxf5 34. Qd1 Qg4
35. Qb3 Rd2 36. Bg3 Qxd4 37. Qb7 Bf5 38. Qxc6 Be4 39. Qc1 Qd3 40. e6 fxe6 41.
Be5 Rxg2 42. Rxg2 Bxg2+ 43. Kxg2 Qe4+ 44. Kg1 Qxe5 45. Qc8 d4 0-1

[Event "TURNIEJ O PUCHAR UKS PALAC MLODZIEZY KATOWICE Z OKAZJI DNIA NIEPODLEGLOSCI"]
[Site "Centrum Kongresow i Rekreacji Orle Gniazdo ul. Wrzosowa 28a, Szczyrk"]
[Date "1899-12-30"]
[Round "2.12"]
[White "Swider, Pawel"]
[Black "Kmiecik, Wojciech"]
[Result "0-1"]
[WhiteTitle "I"]
[BlackTitle "I+"]
[WhiteElo "1429"]
[BlackElo "1953"]

1. d4 e6 2. c4 Nf6 3. Nc3 Bb4 4. e3 b6 5. Bd3 Bb7 6. Nf3 O-O 7. O-O Bxc3 8. bxc3
d6 9. Qc2 Nbd7 10. Nd2 c5 11. f3 e5 12. d5 h6 13. Ne4 Nxe4 14. Bxe4 Qe7 15. a4
Qg5 16. Bf5 Bc8 17. a5 Qe7 18. axb6 Nxb6 19. Bxc8 Rfxc8 20. Qd3 Qh4 21. e4 a5
22. Be3 Qe7 23. Rfb1 Qa7 24. Rb5 a4 25. f4 f6 26. f5 Rcb8 27. h4 a3 28. Bc1 a2
29. Qe2 Qa4 30. Rb2 Qxc4 31. Qxc4 Nxc4 32. Rxb8+ Rxb8 33. Rxa2 Rb1 34. Rc2 Ne3
35. Rb2 Rxc1+ 36. Kf2 Rc2+ 37. Rxc2 Nxc2 0-1

[Event "TURNIEJ O PUCHAR UKS PALAC MLODZIEZY KATOWICE Z OKAZJI DNIA NIEPODLEGLOSCI"]
[Site "Centrum Kongresow i Rekreacji Orle Gniazdo ul. Wrzosowa 28a, Szczyrk"]
[Date "1899-12-30"]
[Round "2.13"]
[White "Jankowiak, Tomasz"]
[Black "Burzak, Wojciech"]
[Result "1-0"]
[WhiteTitle "I"]
[BlackTitle "I"]
[WhiteElo "1895"]
[BlackElo "1435"]

1. e4 e5 2. Nf3 Nc6 3. Nc3 Nf6 4. d4 exd4 5. Nxd4 Bb4 6. Nxc6 bxc6 7. Bd3 d5 8.
exd5 cxd5 9. Qe2+ Qe7 10. Qxe7+ Bxe7 11. Nb5 Kd8 12. Bf4 Bd6 13. Nxd6 cxd6 14.
Bxd6 Kd7 15. Bg3 Bb7 16. f3 Nh5 17. Bb5+ Bc6 18. Bxc6+ Kxc6 19. O-O-O Nxg3 20.
hxg3 h6 21. Rhe1 Rhe8 22. Kd2 Rxe1 23. Rxe1 Kd6 24. Kd3 Rb8 25. b3 a5 26. a4 Rc8
27. Re2 Rc7 28. Re8 Ra7 29. Rg8 g6 30. g4 Ke6 31. Rh8 Kf6 32. Rxh6 Kg5 33. Rh8
Kf4 34. Rd8 Kg3 35. Rxd5 Kxg2 36. Ke4 Rc7 37. c4 Rb7 38. Rb5 Re7+ 39. Kf4 f6 40.
Rxa5 g5+ 41. Kf5 Kxf3 42. Kxf6 Re3 43. Rb5 Kxg4 44. Rxg5+ Kf4 45. Rf5+ Ke4 46.
Re5+ Kd4 47. Rxe3 Kxe3 48. a5 1-0

[Event "TURNIEJ O PUCHAR UKS PALAC MLODZIEZY KATOWICE Z OKAZJI DNIA NIEPODLEGLOSCI"]
[Site "Centrum Kongresow i Rekreacji Orle Gniazdo ul. Wrzosowa 28a, Szczyrk"]
[Date "1899-12-30"]
[Round "2.14"]
[White "Winter, Anna"]
[Black "Filewicz, Radoslaw"]
[Result "0-1"]
[WhiteTitle "I"]
[BlackTitle "I"]
[WhiteElo "1423"]
[BlackElo "1879"]

1. e4 c5 2. Nf3 e6 3. d4 cxd4 4. Nxd4 Nf6 5. Nc3 d6 6. Bc4 a6 7. Be3 b5 8. Bb3
b4 9. Na4 Nxe4 10. O-O Be7 11. h3 O-O 12. Qf3 Bb7 13. Qe2 Nd7 14. Bxe6 fxe6 15.
Nxe6 Qa5 16. Nxf8 Rxf8 17. b3 Bf6 18. Rac1 Qc7 19. Bd2 Nxd2 20. Qxd2 Qc6 21. f3
a5 22. Rfd1 Be5 23. Re1 Bf4 24. Qd3 Bxc1 25. Rxc1 Ne5 26. Qe3 Kh8 27. Nb2 Ba6
28. Nd3 Nxd3 29. cxd3 Qd5 30. Rd1 h6 31. d4 Rc8 32. Qe4 Qxe4 33. fxe4 Re8 0-1

[Event "TURNIEJ O PUCHAR UKS PALAC MLODZIEZY KATOWICE Z OKAZJI DNIA NIEPODLEGLOSCI"]
[Site "Centrum Kongresow i Rekreacji Orle Gniazdo ul. Wrzosowa 28a, Szczyrk"]
[Date "1899-12-30"]
[Round "2.15"]
[White "Poplawski, Maciej"]
[Black "Stochnialek, Dominika"]
[Result "1-0"]
[WhiteTitle "I"]
[BlackTitle "I"]
[WhiteElo "1839"]
[BlackElo "1424"]

1. d4 Nf6 2. Nc3 e6 3. e4 d5 4. Bg5 Bb4 5. Bd3 dxe4 6. Bxe4 Bd7 7. Nge2 Nc6 8.
O-O O-O 9. Bd3 Qe7 10. Ne4 Kh8 11. c3 Ba5 12. Nxf6 gxf6 13. Bh4 Rg8 14. Ng3 e5
15. Qf3 Bg4 16. Bxf6+ Rg7 17. Bxg7+ Kxg7 18. Qxg4+ Kf8 19. Nf5 Qf6 20. dxe5 Nxe5
21. Qd4 Bb6 22. Qe4 Rd8 23. Bc2 c6 24. Ng3 Ng6 25. Qf5 Qd6 26. Rad1 Qc7 27. Rxd8+
Qxd8 28. Rd1 Qe7 29. Qd7 Qc5 30. Ne4 Qh5 31. Qe8+ Kg7 32. Qg8+ Kh6 33. Qxf7 Qg4
34. Qxh7+ Kxh7 35. Nf6+ Kg7 36. Nxg4 Nf4 37. g3 Nd5 38. Be4 Ne7 39. Rd7 Kf8 40.
Rxb7 Nd5 41. Bxd5 cxd5 42. Nf6 d4 43. cxd4 Bxd4 44. Nd7+ Ke8 45. Nb8 Bb6 46. Nc6
Bc5 47. h4 Kf8 48. h5 Kg8 49. h6 Kh8 50. Ne5 Bd4 51. Ng4 Kg8 52. Kf1 Kf8 53. Ke2
Ke8 54. Kd3 Bb6 55. h7 Kd8 56. h8=Q# 1-0

[Event "TURNIEJ O PUCHAR UKS PALAC MLODZIEZY KATOWICE Z OKAZJI DNIA NIEPODLEGLOSCI"]
[Site "Centrum Kongresow i Rekreacji Orle Gniazdo ul. Wrzosowa 28a, Szczyrk"]
[Date "1899-12-30"]
[Round "2.18"]
[White "Chodorowski, Adrian"]
[Black "Kaminski, Maciej"]
[Result "0-1"]
[WhiteTitle "II"]
[BlackTitle "I"]
[WhiteElo "1392"]
[BlackElo "1769"]

1. c4 Nf6 2. Nc3 e6 3. g3 d5 4. cxd5 exd5 5. Bg2 c6 6. Nf3 Bd6 7. O-O Bg4 8. d3
h6 9. a3 Qc8 10. Re1 Bh3 11. Bh1 O-O 12. b4 a6 13. Bb2 Nbd7 14. Rc1 Ne5 15. Na4
Qc7 16. Nxe5 Bxe5 17. Bxe5 Qxe5 18. Nc5 Qc7 19. Rc2 Nd7 20. Nxd7 Qxd7 21. Qd2
Rfe8 22. Rec1 Qe6 23. Bf3 Bg4 24. Bxg4 Qxg4 25. a4 Qh3 26. b5 axb5 27. axb5 Re5
28. e3 cxb5 29. d4 Rh5 30. f4 Qe6 31. Qb4 Qxe3+ 32. Kf1 Qf3+ 33. Rf2 Qh1+ 34.
Ke2 Qxc1 35. Qxb5 Qc4+ 36. Qxc4 dxc4 37. Kd2 b5 38. Kc3 Ra3+ 39. Kb4 Rb3+ 40.
Kc5 c3+ 41. d5 b4 42. Kc6 Rb2 43. Rf1 c2 44. Rc1 Rxd5 45. Kxd5 b3 46. Ra1 Ra2
47. Rc1 b2 48. Rxc2 b1=Q 49. Rc8+ Kh7 50. Kd6 Qd3+ 51. Ke7 Ra7+ 52. Kf8 Qd6+ 53.
Ke8 Qe7# 0-1

[Event "TURNIEJ O PUCHAR UKS PALAC MLODZIEZY KATOWICE Z OKAZJI DNIA NIEPODLEGLOSCI"]
[Site "Centrum Kongresow i Rekreacji Orle Gniazdo ul. Wrzosowa 28a, Szczyrk"]
[Date "1899-12-30"]
[Round "2.23"]
[White "Namyslak, Piotr"]
[Black "Piersiak, Krystian"]
[Result "1-0"]
[WhiteTitle "I"]
[BlackTitle "II"]
[WhiteElo "1696"]
[BlackElo "1348"]

1. c4 c6 2. Nc3 d5 3. e3 Nf6 4. Nf3 Bg4 5. cxd5 cxd5 6. h3 Bxf3 7. Qxf3 e6 8. d4
Nc6 9. Bb5 Bd6 10. O-O O-O 11. Rd1 a6 12. Bxc6 bxc6 13. e4 Nd7 14. Be3 Rb8 15.
Rab1 Bb4 16. Bf4 Rb7 17. Qg3 Bxc3 18. bxc3 Rxb1 19. Rxb1 dxe4 20. Rb7 Re8 21.
Ra7 Nf6 22. Be5 Kh8 23. Rxa6 Qd7 24. Bxf6 gxf6 25. Qf4 f5 26. Qe5+ Kg8 27. Qc5
Rc8 28. a4 Qd5 29. Ra5 Qxc5 30. Rxc5 Ra8 31. a5 Kg7 32. Kf1 Kf6 33. Ke2 f4 34.
Kd2 Rb8 35. Kc2 Ra8 36. Kb3 Rb8+ 37. Ka4 Ra8 38. Rxc6 Rb8 39. Rb6 Rc8 40. Kb4
Rc7 41. a6 Ra7 42. Kb5 Rc7 43. c4 Rd7 44. Rb7 Rxd4 45. a7 Rd8 46. Rb8 1-0

[Event "TURNIEJ O PUCHAR UKS PALAC MLODZIEZY KATOWICE Z OKAZJI DNIA NIEPODLEGLOSCI"]
[Site "Centrum Kongresow i Rekreacji Orle Gniazdo ul. Wrzosowa 28a, Szczyrk"]
[Date "1899-12-30"]
[Round "2.24"]
[White "Lascar, Maria Elena"]
[Black "Dytman, Radoslaw"]
[Result "0-1"]
[WhiteTitle "I+"]
[BlackTitle "I"]
[WhiteElo "1340"]
[BlackElo "1689"]

1. e4 Nc6 2. d4 e5 3. d5 Nce7 4. Nf3 d6 5. c4 f5 6. Nc3 Nf6 7. Bd3 g6 8. O-O Bg7
9. Kh1 f4 10. a3 a5 11. Na4 h6 12. c5 Bd7 13. cxd6 cxd6 14. Qb3 Bxa4 15. Qxa4+
Kf7 16. b4 g5 17. Qb5 b6 18. Rb1 Ng6 19. bxa5 bxa5 20. Qb7+ Kf8 21. Bd2 g4 22.
Ne1 Ne7 23. Rb6 Kf7 24. Nc2 f3 25. g3 Kg6 26. Rfb1 Kh7 27. Bxa5 Rxa5 28. R6b5
Rxb5 29. Qxb5 Qd7 30. Qxd7 Nxd7 31. Rb7 Nc5 32. Rxe7 Nxd3 33. Kg1 Rc8 34. Ne1
Rc1 0-1

[Event "TURNIEJ O PUCHAR UKS PALAC MLODZIEZY KATOWICE Z OKAZJI DNIA NIEPODLEGLOSCI"]
[Site "Centrum Kongresow i Rekreacji Orle Gniazdo ul. Wrzosowa 28a, Szczyrk"]
[Date "1899-12-30"]
[Round "2.25"]
[White "Tylenda, Krzysztof"]
[Black "Luka, Agnieszka"]
[Result "1-0"]
[WhiteTitle "I"]
[BlackTitle "II"]
[WhiteElo "1688"]
[BlackElo "1344"]

1. e4 d6 2. d4 g6 3. f3 Bg7 4. Be3 Nf6 5. Nc3 Nbd7 6. Qd2 e5 7. d5 O-O 8. Nge2
Nb6 9. Bh6 Qe7 10. Bxg7 Kxg7 11. g4 Ne8 12. h4 f6 13. Ng3 Kf7 14. Bb5 a6 15. Bd3
Ng7 16. O-O-O Bd7 17. f4 exf4 18. Qxf4 Ke8 19. h5 g5 20. Qf3 h6 21. Nf5 Nxf5 22.
exf5 Kf7 23. Rhe1 Qd8 24. Re2 Re8 25. Rde1 Rxe2 26. Rxe2 Qf8 27. Ne4 Re8 28. c4
Bc8 29. b3 Nd7 30. Re1 Ne5 31. Qg3 Bd7 32. Bc2 Qe7 33. Kd2 Qd8 34. Nc3 b6 35.
Nd1 Qc8 36. Nf2 Qd8 37. Nd3 Nxd3 38. Kxd3 Rxe1 39. Qxe1 Qe7 40. Qxe7+ Kxe7 41.
b4 b5 42. c5 dxc5 43. bxc5 c6 44. Bb3 cxd5 45. Bxd5 Bc8 46. Kd4 Kd7 47. Be6+ Kc7
48. Bxc8 Kxc8 49. Kd5 Kd7 50. c6+ Kc7 51. Kc5 b4 52. Kd5 a5 53. Kc5 a4 54. Kxb4
Kxc6 55. Kxa4 Kc5 56. Kb3 Kb5 57. a4+ Ka5 58. Ka3 Ka6 59. Kb4 Kb6 60. a5+ Kb7
61. Kb5 Ka7 62. a6 Kb8 63. Kc6 Ka7 64. Kd6 Kxa6 65. Ke6 Kb7 66. Kxf6 1-0

[Event "TURNIEJ O PUCHAR UKS PALAC MLODZIEZY KATOWICE Z OKAZJI DNIA NIEPODLEGLOSCI"]
[Site "Centrum Kongresow i Rekreacji Orle Gniazdo ul. Wrzosowa 28a, Szczyrk"]
[Date "1899-12-30"]
[Round "2.26"]
[White "Mytych, Wiktoria"]
[Black "Dixa, Stanislaw"]
[Result "0-1"]
[WhiteTitle "I"]
[BlackTitle "I"]
[WhiteElo "1332"]
[BlackElo "1667"]

1. e4 c5 2. c3 Nc6 3. Nf3 d6 4. Be2 Nf6 5. d3 e6 6. O-O Be7 7. Be3 O-O 8. Nbd2
Ng4 9. Bf4 h6 10. Bg3 Bf6 11. h3 Nge5 12. Bxe5 Nxe5 13. Nxe5 Bxe5 14. Nf3 Bf6
15. d4 cxd4 16. cxd4 Qb6 17. Rb1 Rd8 18. b3 d5 19. e5 Be7 20. Rc1 Bd7 21. Rc2
Rac8 22. Rxc8 Rxc8 23. Qd2 Bb4 24. Qd3 Rc3 25. Qd1 Qa5 26. a4 Qb6 27. Kh1 Qc7
28. Kg1 a6 29. Bd3 Ba3 30. Be2 Qb6 31. Nd2 Qxd4 32. Kh1 Rc1 33. Qxc1 Bxc1 34.
Rxc1 Qxd2 35. Rc7 Bc6 36. Bf3 Qxf2 37. Kh2 Qe3 38. Rc8+ Kh7 39. Rc7 Qxe5+ 40.
Kg1 Qxc7 0-1

[Event "TURNIEJ O PUCHAR UKS PALAC MLODZIEZY KATOWICE Z OKAZJI DNIA NIEPODLEGLOSCI"]
[Site "Centrum Kongresow i Rekreacji Orle Gniazdo ul. Wrzosowa 28a, Szczyrk"]
[Date "1899-12-30"]
[Round "2.27"]
[White "Trybowska, Barbara"]
[Black "Skrzypczynski, Kacper"]
[Result "1-0"]
[WhiteTitle "I"]
[BlackTitle "II"]
[WhiteElo "1665"]
[BlackElo "1340"]

1. e4 c5 2. Nf3 Nc6 3. d4 cxd4 4. Nxd4 e6 5. Be3 Nxd4 6. Bxd4 Nf6 7. Bd3 Be7 8.
O-O O-O 9. Kh1 b6 10. Nc3 Bb7 11. e5 Nd5 12. Ne4 f6 13. Ng3 fxe5 14. Bxe5 d6 15.
Bd4 e5 16. Be3 Nf4 17. Bxf4 exf4 18. Nf5 Bf6 19. Nxd6 Qc7 20. Nc4 Bd5 21. Bxh7+
Kxh7 22. Qh5+ Kg8 23. Qxd5+ Kh8 24. c3 Rad8 25. Qh5+ Kg8 26. Na3 Rd2 27. Rab1
Be7 28. Nb5 Qb7 29. Nd4 Qd7 30. Qf3 Bc5 31. Nb3 Rd6 1-0

[Event "TURNIEJ O PUCHAR UKS PALAC MLODZIEZY KATOWICE Z OKAZJI DNIA NIEPODLEGLOSCI"]
[Site "Centrum Kongresow i Rekreacji Orle Gniazdo ul. Wrzosowa 28a, Szczyrk"]
[Date "1899-12-30"]
[Round "2.28"]
[White "Sloniewski, Michal"]
[Black "Pluta, Natalia"]
[Result "0-1"]
[WhiteTitle "I"]
[BlackTitle "I"]
[WhiteElo "1327"]
[BlackElo "1652"]

1. d4 d5 2. c4 e6 3. cxd5 exd5 4. Nc3 c6 5. Qc2 Nf6 6. Bg5 Be7 7. e3 O-O 8. Bd3
Nbd7 9. Nf3 Re8 10. h3 Nf8 11. Bf4 Bd6 12. Bxd6 Qxd6 13. O-O-O b5 14. Kb1 a5 15.
g4 b4 16. Na4 Ba6 17. Nc5 Bxd3 18. Qxd3 Ne4 19. Qc2 Nd7 20. Rc1 a4 21. Nxd7 Qxd7
22. Ne5 Rxe5 23. dxe5 b3 24. Qxc6 bxa2+ 25. Kxa2 Qd8 26. Qc7 Qf8 27. f3 Nf2 28.
Rh2 Nd3 29. Rc3 0-1